Tamil̲ nāvalkaḷ. (Record no. 78839)

MARC details
000 -LEADER
fixed length control field 00627cam a22002411 4500
001 - CONTROL NUMBER
control field sa 68002578
003 - CONTROL NUMBER IDENTIFIER
control field DLC
005 - DATE AND TIME OF LATEST TRANSACTION
control field 20260227112444.0
008 - FIXED-LENGTH DATA ELEMENTS--GENERAL INFORMATION
fixed length control field 950117s1966 ii 000 0 tamo
010 ## - LIBRARY OF CONGRESS CONTROL NUMBER
LC control number sa 68002578
025 ## - OVERSEAS ACQUISITION NUMBER
Overseas acquisition number PL480:I-T-1734
035 ## - SYSTEM CONTROL NUMBER
System control number (OCoLC)31829435
040 ## - CATALOGING SOURCE
Original cataloging agency DLC
Transcribing agency CU
Modifying agency CU
-- DLC
042 ## - AUTHENTICATION CODE
Authentication code premarc
050 00 - LIBRARY OF CONGRESS CALL NUMBER
Classification number PL4758.4
Item number .N3 1966aa
110 2# - MAIN ENTRY--CORPORATE NAME
Corporate name or jurisdiction name as entry element Nāval Vil̲ā,
Location of meeting Madras?
Date of meeting or treaty signing 1966.
245 10 - TITLE STATEMENT
Title Tamil̲ nāvalkaḷ.
260 ## - PUBLICATION, DISTRIBUTION, ETC.
Date of publication, distribution, etc. [1966]
300 ## - PHYSICAL DESCRIPTION
Extent 171 p.
Dimensions 18 cm.
500 ## - GENERAL NOTE
General note In Tamil.
650 #0 - SUBJECT ADDED ENTRY--TOPICAL TERM
Topical term or geographic name entry element Tamil fiction
General subdivision History and criticism.
710 2# - ADDED ENTRY--CORPORATE NAME
Corporate name or jurisdiction name as entry element Tamil Writers' Association.

No items available.

Powered by Koha